Pokémon - Les villes de Sinnoh - Statistiques

Statistiques générales
  • Ce quiz a été pris 105 fois
  • Le résultat moyen est 12 sur 14
Statistiques - réponses
Noms des villes % Correct
Frimapic
94%
Unionpolis
94%
Féli-Cité
90%
Charbourg
87%
Verchamps
84%
Voilaroc
84%
Floraville
83%
Rivamar
83%
Vestigion
83%
Célestia
82%
Joliberges
80%
Bonville
77%
Bonaugure
73%
Littorella
68%
Aucun quiz correspondant
Distribution des résultats
% des personnes avec chaque résultat
Percentile par nombre de réponses
Votre historique - résultats
Vous n’avez pas pris ce quiz